Villes des Côtes d'Armor A-Z - Statistiques

Statistiques générales
  • Ce quiz a été pris 127 fois
  • Le résultat moyen est 11 sur 21
Statistiques - réponses
Hint Réponse % Correct
P Perros-Guirec / Paimpol / Pordic / Ploufragan / Plérin / Pabu / Pédernec / Penvénan / Plaine-Haute / Plaintel / Plancoët / Plédran / Plédéliac / Plélan-le-Petit / Pléhédel / Pléguien / Plélo / Plémet / Plémy / Plénée-Jugon / Pleumeur-Bodou / Pléneuf-Val-André / Plerneuf / Pleslin-Trigavou / Plestan / Plestin-les-Grèves / Pleubian / Pleudaniel / Pleudihen-sur-Rance / Pleumeur-Gautier / Plœuc-L'Hermitage / Ploëzal / Plouaret / Plouasne / Ploubazlanec / Ploubezre / Plouëc-du-Trieux / Plouër-sur-Rance / Plouézec / Plougrescant / Plouguenast-Langast / Plouguernével / Plouguiel / Plouha / Plouisy / Ploulec'h / Ploumagoar / Ploumilliau / Plounévez-Moëdec / Plounévez-Quintin / Plourhan / Plourivo / Plouvara / Pluduno / Plumaudan / Plumaugat / Plumieux / Plurien / Pluzunet / Pommerit-le-Vicomte / Pommeret / Pontrieux / Prat
91%
S Saint-Brieuc / Saint-Cast-le-Guildo / Saint-Quay-Perros / Saint-Quay-Portrieux / Saint-Brandan / Saint-Agathon / Saint-Alban / Saint-Barnabé / Saint-Carreuc / Saint-Caradec / Saint-Carné / Saint-Donan / Saint-Hélen / Saint-Jacut-de-la-Mer / Saint-Julien / Saint-Nicolas-du-Pélem / Saint-Samson-sur-Rance / Sévignac
86%
L Lamballe / Lannion / Langueux / Loudéac / Lancieux / Landéhen / Langoat / Langrolay-sur-Rance / Lanfains / Languenan / Lanrodec / Lantic / Lanvallay / Lanvollon / Lézardrieux / Louannec / Louargat /
85%
G Guingamp / Grâces / Guerlédan / Goudelin / Glomel / Gouarec
81%
T Trégastel / Trélivan / Trégueux / Trébeurden / Taden / Tonquédec / Trédarzec / Trédrez-Locquémeau / Tréglamus / Trégomeur / Tréguier / Trélévern / Trémorel / Trémuson / Trévé / Trévou-Tréguignec
79%
D Dinan
73%
B Beaussais-sur-Mer / Bégard / Binic / Broons / Belle-Isle-en-Terre / Bobital Bon-Repos-sur-Blavet / Boqueho / Bourbriac / Bourseul / Bréhand / Brusvily
71%
Q Quemper-Guézennec / Quessoy / Quévert / Quintin
67%
C Châtelaudren / Caulnes / Callac / Corseul / Cavan / Champs-Géraux / Coëtmieux / Corlay / Créhen
62%
M Motte / Mené / Merdrignac / Matignon / Maël-Carhaix / Méaugon / Merzer / Minihy-Tréguier /
62%
E Erquy / Evran
60%
Y Yffiniac / Yvignac-la-Tour
49%
H Hillion / Henon / Hénansal / Hénanbihen / Hinglé
47%
A Andel / Allineuc
45%
R Roche-Jaudy / Rospez / Rostrenen
41%
U Uzel
34%
J Jugon-les-Lacs
33%
F Foeil / Fréhel
31%
N Noyal
20%
K Kermaria-Sulard
15%
V Vildé-Guingalan / Vieux-Marché / Vicomté-sur-Rance
14%
Aucun quiz correspondant
Distribution des résultats
% des personnes avec chaque résultat
Percentile par nombre de réponses
Votre historique - résultats
Vous n’avez pas pris ce quiz